Khả năng cải thiện nghịch cảnh : Hưởng lợi từ hỗn loạn = Antifragile : things that gain from disorder
Cung cấp cái nhìn đa chiều, phản biện về những sự việc thường xảy ra trong cuộc sống, giúp chúng ta có thể vượt qua những cú sốc, trở nên mạnh mẽ hơn khi rơi vào tình trạng biến động, ngẫu nhiên, rối loạn và những yếu tố gây căng tha...
保存先:
| 第一著者: | |
|---|---|
| フォーマット: | 図書 |
| 言語: | Undetermined |
| 出版事項: |
Thành phố Hồ Chí Minh
Trẻ
2015
|
| 主題: | |
| タグ: |
タグ追加
タグなし, このレコードへの初めてのタグを付けませんか!
|
| Thư viện lưu trữ: | Trung tâm Học liệu Trường Đại học Cần Thơ |
|---|
| LEADER | 01181nam a2200217Ia 4500 | ||
|---|---|---|---|
| 001 | CTU_207536 | ||
| 008 | 210402s9999 xx 000 0 und d | ||
| 020 | |c 200000 | ||
| 082 | |a 155.24 | ||
| 082 | |b T143 | ||
| 100 | |a Taleb, Nassim Nicholas | ||
| 245 | 0 | |a Khả năng cải thiện nghịch cảnh : | |
| 245 | 0 | |b Hưởng lợi từ hỗn loạn = Antifragile : things that gain from disorder | |
| 245 | 0 | |c Nassim Nicholas Talleb ; Trần Thị Kim Chi dịch | |
| 260 | |a Thành phố Hồ Chí Minh | ||
| 260 | |b Trẻ | ||
| 260 | |c 2015 | ||
| 520 | |a Cung cấp cái nhìn đa chiều, phản biện về những sự việc thường xảy ra trong cuộc sống, giúp chúng ta có thể vượt qua những cú sốc, trở nên mạnh mẽ hơn khi rơi vào tình trạng biến động, ngẫu nhiên, rối loạn và những yếu tố gây căng thẳng trong một thế giới đầy bất trắc | ||
| 650 | |a Adaptability (Psychology),Khả năng thích nghi (Tâm lý học) | ||
| 904 | |i Hải | ||
| 980 | |a Trung tâm Học liệu Trường Đại học Cần Thơ | ||